00418nam a2200169Ia 4500003000400000005001700004008004100021020001400062040000700076041000800083082002500091100002000116245004200136260004100178300001500219365001400234OSt20230323104133.0210423s2004 xx 000 0 und d a521484847 cAL aeng a809.93592 223bSTAJ aSTAPE (J H),Ed. aCambridge companion to Joseph Conrad. aUKbCambridge University Pressc2004 axx,258bPB b1720cINR